| 000 | 01138cam a22002653a 4500 | ||
|---|---|---|---|
| 001 | 32547 | ||
| 003 | PGUSA | ||
| 005 | 20140828083714.0 | ||
| 008 | 100526s2010||||xxu|||||s|||||000 | eng d | ||
| 040 |
_aPGUSA _beng |
||
| 042 | _adc | ||
| 050 | 4 | _aB | |
| 100 | 1 |
_aJames, William, _d1842-1910 |
|
| 245 | 1 | 0 |
_aEssays in Radical Empiricism _h[electronic resource] / _cWilliam James |
| 260 |
_bProject Gutenberg, _c2010 |
||
| 505 | 0 | _aDoes 'consciousness' exist? -- A world of pure experience -- The thing and its relations -- How two minds can know one thing -- The place of affectional facts in a world of pure experience -- The experience of activity -- The essence of humanism -- La notion de conscience -- Is radical empiricism solipsistic? -- Mr. Pitkin's refutation of 'radical empiricism' -- Humanism and truth once more -- Absolutism and empiricism. | |
| 506 | _aPublic domain in the USA. | ||
| 516 | _aElectronic text | ||
| 653 | _aPragmatism | ||
| 653 | _aExperience | ||
| 700 | 1 |
_aPerry, Ralph Barton, _d1876-1957 |
|
| 830 | 0 |
_aProject Gutenberg _v32547 |
|
| 856 | 4 | 0 | _uhttp://www.gutenberg.org/ebooks/32547 |
| 942 | _cEB | ||
| 999 |
_c261802 _d261802 |
||